Statistiche per Quiz sul Perù

Clicka qui per fare il quiz!

Statistiche generali

  • Questo quiz è stato fatto 526 volte
  • Il punteggio medio è 10 su 19

Statistiche sulle risposte

HintRisposta% Corretto
Capitale del PerùLima
99%
Lingua più parlataSpagnolo
92%
Impero che controllava il Perù prima dell'arrivo degli spagnoliInca
88%
Catena montuosa che attraversa il PerùAnde
80%
Antica città del Perù meta di turistiMachu Picchu
76%
Piccola versione del lamaAlpaca o vigogna
70%
Lingua indigena più parlata (indizio: inizia per Q)Quechua
55%
Lago posto sul confine con la BoliviaTiticaca
55%
Conquistadores che pose fine a questo imperoFrancisco Pizarro
52%
Capitale dell'impero di cui sopraCuzco
50%
Moneta del PerùSol
39%
Fertilizzante che una volta era abbondante sulle isole ChinchaGuano
35%
Seconda e terza città più grande (nome di una delle due)Trujillo / Arequipa
34%
Ex presidente che ha liberato il paese da questi terroristi, ma è stato condannato per violazioni dei diritti umani ed esiliato in GiapponeAlberto Fujimori
30%
Piatto a base di pesce crudo marinato agli agrumiCeviche
30%
Seme alla moda e salutare in tutto il mondo che cresce zone degli altipianiQuinoa
30%
Cocktail nazionaleP{isco} Sour
29%
Animale noto come "cuy" quando viene mangiato come ciboP{orcellino d'India}
28%
Guerriglieri maoisti che terrorizzarono il paese negli anni '80S{endero} L{uminoso}
28%

Distribuzione punteggi

Percentile per numero di risposta

Percentuale di utenti per punteggio

I tuoi punteggi nel tempo

Non hai fatto questo quiz